| 000 | 00531nam a22001697a 4500 | ||
|---|---|---|---|
| 003 | OSt | ||
| 005 | 20120302150617.0 | ||
| 008 | 090721t xxu||||| |||| 00| 0 eng d | ||
| 035 | _a८६७४ | ||
| 040 | _cहिन्दी | ||
| 100 |
_aमित्तल, महेन्द्र _97646 |
||
| 245 | _aभीगी पलकें | ||
| 250 | _a२ री | ||
| 260 |
_aदिल्ली _bभारती साहित्य मन्दिर _c१९६२ |
||
| 300 | _b१७६ पाने | ||
| 942 |
_2ddc _cBOOK |
||
| 999 |
_c492562 _d492559 |
||